Acteurs du film Dune par images - Statistiques

Statistiques générales
  • Ce quiz a été pris 174 fois
  • Le résultat moyen est 6 sur 10
Statistiques - réponses
Par images Hint Réponse % Correct
Paul Atréides Timothée Chalamet
100%
Chani Zendaya
96%
Duncan Idaho Jason Momoa
78%
le Réalisateur Denis Villeneuve
74%
Leto Atréides Oscar Isaac
64%
Dame Jessica Rebecca Ferguson
53%
Stilgar Javier Bardem
51%
Gurney Halleck Josh Brolin
46%
Vladimir Harkonnen Stellan Skarsgård
41%
Gaius Helen Mohiam Charlotte Rampling
24%
Aucun quiz correspondant
Distribution des résultats
% des personnes avec chaque résultat
Percentile par nombre de réponses
Votre historique - résultats
Vous n’avez pas pris ce quiz